Echoes From The Orient (Record no. 1249231)

MARC details
000 -LEADER
fixed length control field 00499nam a2200193Ia 4500
008 - FIXED-LENGTH DATA ELEMENTS--GENERAL INFORMATION
fixed length control field 151121s9999||||xx |||||||||||||| ||und||
082 ## - DEWEY DECIMAL CLASSIFICATION NUMBER
Classification number 210 /JUD
082 ## - DEWEY DECIMAL CLASSIFICATION NUMBER
Item number HNW-67737
100 ## - MAIN ENTRY--PERSONAL NAME
Personal name Judge William Q।
245 ## - TITLE STATEMENT
Title Echoes From The Orient
260 ## - PUBLICATION, DISTRIBUTION, ETC. (IMPRINT)
Name of publisher, distributor, etc "Theosophy Co। Ltd।, Bombay।"
260 ## - PUBLICATION, DISTRIBUTION, ETC. (IMPRINT)
Date of publication, distribution, etc --
300 ## - PHYSICAL DESCRIPTION
Extent 64
600 ## - SUBJECT ADDED ENTRY--PERSONAL NAME
Personal name Judge William Q।
630 ## - SUBJECT ADDED ENTRY--UNIFORM TITLE
Uniform title Echoes From The Orient
700 ## - ADDED ENTRY--PERSONAL NAME
Personal name Judge William Q।
730 ## - ADDED ENTRY--UNIFORM TITLE
Uniform title Echoes From The Orient
942 ## - ADDED ENTRY ELEMENTS (KOHA)
Koha item type Book
Holdings
Withdrawn status Lost status Damaged status Not for loan Home library Current library Date acquired Total Checkouts Full call number Barcode Date last seen Price effective from Koha item type
        Hirachand Nemchand Wachanalaya, Solapur Hirachand Nemchand Wachanalaya, Solapur 11/21/2015   HNW-67737 HNW-67737 11/21/2015 11/21/2015 Book